Why surveyors haven't got a clue (Record no. 65469)

MARC details
000 -LEADER
fixed length control field 01517cam a2200277 4500
001 - CONTROL NUMBER
control field ABS63247
008 - FIXED-LENGTH DATA ELEMENTS--GENERAL INFORMATION
fixed length control field 000000n2000 000 0 eng u
035 ## - SYSTEM CONTROL NUMBER
System control number (Sirsi) u109669
100 ## - MAIN ENTRY--PERSONAL NAME
Personal name Rouse, J
245 ## - TITLE STATEMENT
Title Why surveyors haven't got a clue
260 ## - PUBLICATION, DISTRIBUTION, ETC.
Date of publication, distribution, etc. 2000
490 ## - SERIES STATEMENT
Series statement Building
Volume/sequential designation 265(8163) 24 November 2000, 36-39(4)
520 ## - SUMMARY, ETC.
Summary, etc. Looks at the growth of UK corporate architecture, and argues that traditional valuation methods are unable to accurately measure design value. Defines design value as ranging from financial benefits, such as extra capacity or running-cost savings, to qualitative factors such as better working conditions and potential higher sales. BA, Lloyd's Register and Capital One have tried to attach numerical value to these types of benefits, but have found the traditional market valuation method limiting when applied to owner-occupied buildings. Outlines three alternative valuation methods - contingent valuation, analytic hierarchy process, fuzzy logic - and concludes that surveyors need to work with the business community to develop effective ways of measuring design values.
590 ## - LOCAL NOTE (RLIN)
Local note ABS
650 ## - SUBJECT ADDED ENTRY--TOPICAL TERM
Topical term or geographic name entry element ARCHITECTURAL VALUE
650 ## - SUBJECT ADDED ENTRY--TOPICAL TERM
Topical term or geographic name entry element OFFICE BUILDINGS
650 ## - SUBJECT ADDED ENTRY--TOPICAL TERM
Topical term or geographic name entry element CORPORATE REAL ESTATE
650 ## - SUBJECT ADDED ENTRY--TOPICAL TERM
Topical term or geographic name entry element DESIGN VALUE
650 ## - SUBJECT ADDED ENTRY--TOPICAL TERM
Topical term or geographic name entry element VALUATION METHODS
650 ## - SUBJECT ADDED ENTRY--TOPICAL TERM
Topical term or geographic name entry element MARKET VALUE
650 ## - SUBJECT ADDED ENTRY--TOPICAL TERM
Topical term or geographic name entry element FUZZY LOGIC
650 ## - SUBJECT ADDED ENTRY--TOPICAL TERM
Topical term or geographic name entry element CONTINGENT VALUATION
650 ## - SUBJECT ADDED ENTRY--TOPICAL TERM
Topical term or geographic name entry element ANALYTIC HIERARCHY PROCESS
690 ## - LOCAL SUBJECT ADDED ENTRY--TOPICAL TERM (OCLC, RLIN)
Topical term or geographic name as entry element PROPERTY-PROPERTY APPRAISAL AND VALUATION
942 ## - ADDED ENTRY ELEMENTS (KOHA)
Suppress in OPAC 0
Holdings
Withdrawn status Lost status Source of classification or shelving scheme Damaged status Not for loan Home library Current library Shelving location Date acquired Total Checkouts Full call number Barcode Date last seen Copy number Price effective from Koha item type
    Dewey Decimal Classification     London London Journal article 04/12/2000   ABS63247 109669-1001 06/08/2019 1 06/08/2019 Journal article